National Parks & Monuments of Colorado with Map - Statistics

General Stats
  • This quiz has been taken 136 times
  • The average score is 8 of 16
Answers on the Map
Answers color-coded by a green-red scale on the quiz's map according to % correct below.
 
Answer Stats
Hint Answer % Correct
National Park Rocky Mountain
99%
National Park Black Canyon of the Gunnison
91%
National Park Great Sand Dunes
91%
National Preserve Great Sand Dunes
91%
National Park Mesa Verde
91%
National Monument (NPS) Dinosaur
70%
National Monument (NPS) Colorado
59%
National Historic Site Sand Creek Massacre
27%
National Monument (NPS) Florissant Fossil Beds
24%
National Monument (NPS) Hovenweep
23%
National Historic Site Bent's Old Fort
22%
National Recreation Area Curecanti
22%
National Monument (BLM) Canyons of the Ancients
19%
National Monument (NPS) Yucca House
16%
National Monument (USFS) Chimney Rock
12%
National Monument (BLM) Browns Canyon
10%
No matching quizzes found
Score Distribution
Percent of People with Each Score
Percentile by Number Answered
Your Score History
You have not taken this quiz